Forez-Velay Roman
Bewaard in:
| Formaat: | Boek |
|---|---|
| Taal: | Frans |
| Gepubliceerd in: |
París
Zodiaque
1962
|
| Reeks: | La nuit des temps, 15
|
| Onderwerpen: | |
| Tags: |
Voeg label toe
Geen labels, Wees de eerste die dit record labelt!
|
MARC
| LEADER | 00000nam a2200000 a 4500 | ||
|---|---|---|---|
| 001 | UCV8000 | ||
| 003 | CL-VaPUC | ||
| 008 | 900402e19620000FR |||||||||||||||||fre|d | ||
| 082 | 0 | 4 | |a 709.021 |b FOR |2 21 |
| 245 | 1 | 0 | |a Forez-Velay Roman |
| 300 | |a 287 p | ||
| 942 | |c BK | ||
| 945 | |d 19900402 00:00:00 | ||
| 260 | |a París |b Zodiaque |c 1962 | ||
| 650 | 0 | |a Arte románico |9 301890 | |
| 583 | |a last modification |c 19900402 00:00:00 |k Rodrigo Vera | ||
| 490 | 0 | |a La nuit des temps, 15 | |
| 999 | |c 213593 |d 213591 | ||
| 952 | |0 0 |1 0 |4 0 |6 709_021000000000000_FOR_1962 |7 0 |8 P |9 196107 |a BIBARQ |b BIBARQ |d 2019-11-14 |i 2640449 |o 709.021 FOR 1962 |p 2640449 |r 2025-01-20 |w 2019-11-14 |y BK |k ARQ | ||